000 00964nam a22002297a 4500
999 _c8104
_d8104
003 AR-CdUCM
008 190322b ||||| |||| 00| 0 spa d
020 _a84-89293-91-0
040 _aMUNICIPALIDAD PROVINCIAL DEL CUSCO
_cBIBLIOTECA MUNICIPAL DEL CUSCO
082 _a658.8 /
_bP59
100 _aPipoli de Butrón, Gina
_922886
245 _aEl marketing y sus aplicaciones a la realidad peruana /
260 _aLima :
_bUniversidad del Pacífico,
_c1996.
300 _a411 páginas ;
_c21 cm.
505 _aCampo, ambiente y planeación estratégica de mercadotecnia -- Campo de la mercadotecnia -- Ambiente de mercadotecnia -- Microambiente externo -- Ambiente interno de una organización -- Sistema de información e investigación de mercados ...
650 _aMercadotecnia
_910603
650 _aAnálisis de mercado
_922887
650 _aEstrategia
_922888
710 _aUniversidad del Pacífico (Lima)
_910408
942 _2ddc
_cLIBROS
945 _aacv